| 000 | 00361nam a22001217a 4500 | ||
|---|---|---|---|
| 082 | _a669.142 STE'A | ||
| 100 |
_aAMERICAN SOCIETY _942369 |
||
| 245 | _aSTEEL CONSTRUCTION A MANUAL FOR ARCHITECTS ENGINEER'S AND FABRICATORS OF BUILDINGS AND OTHER STEEL STRUCTURES | ||
| 250 | _a5TH | ||
| 260 |
_aNEWYORK _bAMERICAN SOCIETY _c1959 |
||
| 300 | _a431P | ||
| 942 | _cBK | ||
| 999 |
_c568500 _d568500 |
||